• 首页
  • 本馆介绍
  • 公告通知
  • 最新文献
  • 馆藏检索
  • 电子资源
  • 读者导购
  • 参考咨询
  • 我的图书馆
  • 登录
  • 详细信息显示
  • 放入我的书架
  • 预约/预借图书
  • 作者相关作品
  • 分类相关作品
  • 丛书相关作品
  • 出版社相关作品

书目信息

  • 表格格式
  • 工作单格式
  • 卡片格式
题名:
中华民国史资料丛稿
    
 
作者: ;辽宁省档案馆 编
分册: 第四册   电稿
出版信息: 北京   中华书局  1984
页数: 222页
开本: 25cm
丛书名: 中华民国史资料丛稿:电稿
单 册:
中图分类: K258.06
科图分类:
主题词: 中国--历史--1840~1949
电子资源:
ISBN:
000 00865nam2 2200265 45
001 0184012960
005 20060427091248.23
010    @dCNY2.65
100    @a19950614d1984 em y0chiy0121 ea
101 0  @achi
102    @aCN@b110000
105    @ay z 000yy
200 10 @a中华民国史资料丛稿@Azhong hua min guo shi zi liao cong gao@i电稿@i奉系军阀密电@h第四册@f辽宁省档案馆编@Fliao ning sheng dang an guan bian
210    @a北京@c中华书局@d1984
215    @a222页@d25cm
225 2  @a中华民国史资料丛稿:电稿
410  0 @120010@a中华民国史资料丛稿:电稿
517 1  @a奉系军阀密电@Afeng xi jun fa mi dian
517 1  @a电稿@Adian gao
606 0  @a中国@x历史@z1840~1949
690    @aK258.06@v4
711 02 @a辽宁省档案馆@Aliao ning sheng dang an guan@4编
801  2 @aCN@bNLC@c20060427
801  0 @aCN@b上海图书馆@c20040509
905    @dK258.06@e35:4
    
    中华民国史资料丛稿.电稿.奉系军阀密电.第四册/辽宁省档案馆编.-北京:中华书局,1984
    222页;25cm.-(中华民国史资料丛稿:电稿)
    
    
    ISBN :CNY2.65
    
●
相关链接 在E读中查询图书 在五车中查询图书 在当当中查询图书 在豆瓣中查询图书


正题名:中华民国史资料丛稿     索取号:K258.06/35:4         预约/预借

序号 登录号 条形码 馆藏地/架位号 状态 备注
1 0167384   001294511   第二借阅区/ [索取号:K258.06/35:4] 在馆    
2 0167385   001294548   第二样本阅览室/ [索取号:K258.06/35:4] 在馆    
3 0168430   202290699   密集书库/ [索取号:K258.06/35:4] 在馆    
唐山师范学院图书馆 欢迎您!
大连网信软件有限公司© 版权所有